| 000 | 00547nam a2200205Ia 4500 | ||
|---|---|---|---|
| 008 | 160216s9999 xx 000 0 und d | ||
| 020 | _a971-271-428-4 | ||
| 050 | _aFIL PN 6084 | ||
| 050 | _b.M29L36 2004 | ||
| 100 | _aLao, Felix M. Jr. | ||
| 245 | 2 | _aA treasury of quotes for marketing practitioners / | |
| 245 | _cFelix M. Lao,Jr. PhD. | ||
| 260 | _aPasig City: | ||
| 260 | _bAnvil Pub. Inc., | ||
| 260 | _c2004 | ||
| 300 | _a89 pages : | ||
| 300 | _bill. ; | ||
| 300 | _c18 cm. | ||
| 650 | _aMarketing -- Quotations, maxims, etc. | ||
| 999 |
_c290986 _d290986 |
||